| 000 | 00538nam a2200181 a 4500 | ||
|---|---|---|---|
| 005 | 20140412111240.0 | ||
| 008 | 010319s19uu xx 00 eng d | ||
| 020 | _a0-307-12665-X | ||
| 050 |
_aER _bVi65 1992 |
||
| 100 | _aPackard, Mary | ||
| 245 |
_aA visit to mexico / _cby Mary Packard ; illustrated by Benrei Huang. |
||
| 260 |
_aNew York : _bA Golden Bool, _c1992. |
||
| 300 | _a1 v. (unp.) ; ill. | ||
| 440 | _aFriends Everywhere | ||
| 650 | _aChildrens stories, Mexico | ||
| 650 | _aBirthday stories, Mexico | ||
| 999 |
_c102648 _d102648 |
||